Reč k Domorodcum

Práca s jazykovednou problematikou, v ktorej sa autor stavia proti používaniu bernolákovčiny

Bibliographic Details
Main Author: Kollár, Ján, 1793-1852 (Author)
Format: Manuscript Book
Language:Czech
Slovak
Latin
German
PhysicalDescription:3 nečíslované strany rukopis (odpis), voľný list 22 cm
Published: [Miesto vzniku nie je známe] [medzi 1820 a 1859?]
Subjects:

MARC

LEADER 00000ntmaa2200000 a 4500
001 vtls012066972
003 SK-MaSNL
005 20260301134526.0
008 251201q1820 xx || 000 s cze
035 |a urn:nbn:sk:snk-tm00g3o1 
035 |a urn:nbn:sk:snk-tm3n4fh 
035 |a E0450081-9EC4-4F1D-999A-A82C93DA3B95 
040 |a SNKLA  |b slo  |c SNKLA  |e AACR2 
041 0 |a cze  |a slo  |a lat  |a ger 
044 |a xx 
072 7 |a 81  |x Lingvistika. Jazyky  |2 konspekt 
080 |a 025.171  |2 2011 
080 |a 81'1  |2 2011 
080 |a 811.162.4  |2 2011 
080 |a (042.5)  |2 2011 
100 1 |a Kollár, Ján,  |d 1793-1852  |4 aut  |9 106018 
245 1 0 |a Reč k Domorodcum  |c [Ján Kollár] ; [odpísal Martin Hamuljak] 
260 |a [Miesto vzniku nie je známe]  |c [medzi 1820 a 1859?] 
300 |a 3 nečíslované strany  |b rukopis (odpis), voľný list  |c 22 cm 
500 |a Práca J. Kollára v odpise M. Hamuljaka 
500 |a Autor a odpisovateľ podľa pôvodného spracovania 
500 |a Vložený lístok pôvodného spracovania 
500 |a Na titulnej strane ceruzou: 26. 
520 2 |a Práca s jazykovednou problematikou, v ktorej sa autor stavia proti používaniu bernolákovčiny 
546 |a Napísané česky, ojedinele slovenčina, latinčina a nemčina 
555 0 |a Inventár rukopisov Literárneho archívu Matice slovenskej VIII. Fondy 31 - 41. Martin : Matica slovenská 1979 
561 |a Okrúhla pečiatka: Museálna slovenská spoločnosť 
561 |a Okrúhla pečiatka: Matica slovenská Martin Archív literatúry a umenia 
650 0 7 |a lingvistika  |2 SNKPH  |9 860 
650 0 7 |a slovenčina  |2 SNKPH  |9 1350 
655 7 |a rukopisy  |2 SNKPH  |9 70548 
655 7 |a príhovory  |2 SNKPH  |9 75648 
700 1 |a Hamuljak, Martin,  |d 1789-1859  |4 trc  |4 fmo  |9 79936 
852 |a Slovenská národná knižnica  |b Literárny archív 
958 |a OF 
958 |a LAVD 
999 |c 757337  |d 759267 
952 |a SNKLA  |b SNKLA  |c SNKLA_DEP  |y NEVYP  |7 0  |p 17A1312365  |o snk31 H 18  |0 0  |1 0  |4 0  |d 2021-08-27  |f 1  |l 0  |r 2026-02-23 23:53:17  |w 2026-02-23